| 000 | 00511nam a2200181Ia 4500 | ||
|---|---|---|---|
| 008 | 151202s9999||||xx |||||||||||||| ||und|| | ||
| 082 | _bPNVM-22035 | ||
| 100 | _aSARKAR (N.). | ||
| 245 | _aELEMENTS OF BOOK-KEEPING AND ACCOUNTANCY. | ||
| 260 | _b"ACADAMIC PUBLISHING, CALCUTTA." | ||
| 260 | _c1959 | ||
| 300 | _a296 | ||
| 600 | _aSARKAR (N.). | ||
| 630 | _aELEMENTS OF BOOK-KEEPING AND ACCOUNTANCY. | ||
| 700 | _aSARKAR (N.). | ||
| 730 | _aELEMENTS OF BOOK-KEEPING AND ACCOUNTANCY. | ||
| 942 | _cBOOK | ||
| 999 |
_c1288010 _d1288007 |
||